000 01140cam a22001814a 4500
005 20250605164055.0
008 250528s ||||||||||||||||||||||||d
035 _a17433
040 _aGR-AtMCL
_bgre
_dGR-AtMCL
_eAACR2
245 1 _aΘαλάσσια Υδραυλική / Φοιτητικές Σημειώσεις για το μάθημα ΘΑΛΑΣΣΙΑ ΥΔΡΑΥΛΙΚΗ ΚΑΙ ΛΙΜΕΝΙΚΑ ΕΡΓΑ - 8ο Εξάμηνο Πολιτικών Μηχανικών ΕΜΠ
260 _bΕθνικό Μετσόβιο Πολυτεχνείο,
_c1996
300 _a128
520 _aΕισαγωγή, Το Θαλάσσιο Νερό, Κυματισμοί, Μαθηματικές Θεωρίες Κυματισμών, Περιγραφή Πραγματικών Κυματισμών, Ανάλυση στην Περιοχή Συχνοτήτων, Επιδράσεις Στερεών Ορίων στους Κυματισμούς, Επιδράσεις Ενός Μετώπου, Επιδράσεις Κυματισμών σε Στερεά Όρια.
700 1 _aΜουτζούρη Κ.Ι
_93589
942 _cBK
999 _c2854
_d2854